000 01594nam a22003977a 4500
001 BRCA_9351
003 FranzMayer
005 20230918121937.0
008 230828b |||||||| |||| 00| 0 eng d
020 _a8798810308
040 _aMFM
_bespañol
_cMFM
050 0 _aNK5100.E853
_bG53 2000
110 1 _4Responsable
_aGlass Without Boundaries
_929277
240 _aNordic Glass 2000
_lDanes, Sueco, Noruego, Letón e Inglés
245 0 _aNordic Glass 2000
260 _aNoruega
_bGlass Without Boundaries
_c2000
300 _a274 p
_bIlustraciones a color
_c26 cm
500 _aAnexo 1
500 _aLibro en tapa dura, sin ninguna cubierta exterior
505 _aTexto en: Danes, Sueco, Noruego, Letón e InglésIncluye índice temático Incluye biografía de las obras seleccionadasDirigido a: artistas y diseñadores
650 1 _2Artes decorativas y aplicativas
_aArtes ornamentales
_vVidrio
_929278
651 _2Europa
_aEuropa Septentrional
_vPaíses nórdicos
_929279
700 1 _4Artista
_aSaare, Mare
_929280
700 1 _4Artista
_aKoha, Eve
_929281
700 1 _4Artista
_aSchroderus, Anna
_929282
700 1 _4Artista
_aIkävalko, Liisa
_929283
700 1 _4Artista
_aKekäläinen, Päivi
_929284
700 1 _4Artista
_aAudere, Inguna
_929285
700 1 _4Artista
_aMartinsone, Ilze
_929286
700 1 _4Artista
_aDudina, Ilze
_929287
700 1 _4Artista
_aKogelyté. Raimonda
_929288
700 1 _4Artista
_aKomkaite, Egle
_929289
700 1 _4Artista
_aUlleberg, Kari
_929290
700 1 _4Artista
_aGaustad, Randi
_929291
942 _2lcc
_cB
999 _c10973
_d10973